000
00307nam a22001337a 4500
008
170607b xxu||||| |||| 00| 0 eng d
020
_a
9780312084189
041
_a
eng
080
_2
3RD
_a
338
100
_a
18
101
_a
SHP
245
_a
INTERNATIONAL POLITICAL ECONOMY
_c
FRIEDEN,J.A
942
_2
udc
_c
BK
999
_c
16209
_d
16209